000 00623nam a2200277Ia 4500
005 20260324150737.0
008 008 260324s9999 xx 000 0 eng d
020 _a9781003618362
037 _aEBOOK
040 _aCRL
040 _beng
040 _cCRL
041 _2eng
041 _aeng
084 _qCRL
100 _aJ. T. Hankinson
_91227303
245 0 _aCricket for Schools
260 _bTaylor and Francis
260 _c1946
365 _a
365 _b135
856 _uhttp://www.taylorfrancis.com/books/9781003618362
942 _cEBOOK
999 _c1837468
_d1837468